[Event "SR 5. liga SE-SI 2015/2016"]
[Site "?"]
[Date "2015.11.28"]
[Round "3.4"]
[White "Ulehla, Jakub"]
[Black "Kovarik, Oto"]
[Result "1-0"]
[WhiteElo "1665"]
[BlackElo "1828"]
[PlyCount "57"]
[EventDate "2015.??.??"]

1. e4 c5 2. Nf3 e6 3. d4 cxd4 4. Nxd4 Nc6 5. Nc3 a6 6. Be2 d6 7. O-O Nf6 8. Kh1
Qc7 9. f4 Be7 10. Bf3 Bd7 11. Be3 Rd8 12. Nb3 b5 13. a3 O-O 14. Qe1 Rb8 15. g4
Nd8 16. f5 Bc6 17. g5 Ne8 18. Nd4 Ba8 19. Rg1 e5 20. Nde2 f6 21. g6 hxg6 22.
Rxg6 Kf7 23. Bh5 Kg8 24. Qg3 d5 25. Rg1 Bd6 26. Bh6 d4 27. Bxg7 dxc3 28. Bxf6+
Kh7 29. Rh6+ 1-0

[Event "SR 5. liga SE-SI 2015/2016"]
[Site "?"]
[Date "2015.11.28"]
[Round "3.4"]
[White "Benak, Peter"]
[Black "Trojkova, Michaela"]
[Result "1/2-1/2"]
[WhiteElo "1609"]
[BlackElo "1536"]
[PlyCount "36"]
[EventDate "2015.??.??"]

1. e4 c5 2. f4 Nc6 3. Nf3 d6 4. Nc3 g6 5. Bb5 a6 6. Bxc6+ bxc6 7. b3 Bg7 8. Bb2
Nf6 9. d3 Bd7 10. Qe2 Qa5 11. Qd2 O-O 12. Na4 Qxd2+ 13. Nxd2 Rab8 14. Bxf6 Bxf6
15. O-O-O Bg7 16. Nb2 f5 17. g3 fxe4 18. Nxe4 Bf5 1/2-1/2

[Event "SR 5. liga SE-SI 2015/2016"]
[Site "?"]
[Date "2015.11.28"]
[Round "3.4"]
[White "Petrek, David"]
[Black "Stasek, Daniel"]
[Result "0-1"]
[WhiteElo "1241"]
[BlackElo "1601"]
[PlyCount "56"]
[EventDate "2015.??.??"]

1. e4 e6 2. d4 d5 3. Nc3 Bb4 4. a3 Bxc3+ 5. bxc3 Ne7 6. e5 Ng6 7. Nf3 c5 8. Be3
Qc7 9. Be2 Nd7 10. Nd2 O-O 11. f4 cxd4 12. cxd4 Qc3 13. Bd3 Nb6 14. O-O Nc4 15.
Nxc4 dxc4 16. Qe2 cxd3 17. cxd3 Bd7 18. Rfc1 Qa5 19. Rc5 Qa6 20. Rc7 Bc6 21. f5
exf5 22. d5 Bxd5 23. Rc5 Qe6 24. Rac1 Nxe5 25. Kh1 Ng4 26. Re1 Qd6 27. Bg1 Nxh2
28. d4 Ng4 0-1

[Event "SR 5. liga SE-SI 2015/2016"]
[Site "?"]
[Date "2015.11.28"]
[Round "3.4"]
[White "Cambal, Peter"]
[Black "Petrek, Miroslav"]
[Result "1-0"]
[WhiteElo "1136"]
[BlackElo "1000"]
[PlyCount "81"]
[EventDate "2015.??.??"]

1. e4 c5 2. Nf3 d6 3. d4 cxd4 4. Nxd4 Nf6 5. Nc3 a6 6. Be2 Nc6 7. Nb3 e6 8. Bg5
Be7 9. O-O O-O 10. Qd2 b5 11. Bd3 Bb7 12. Rae1 b4 13. Nd1 d5 14. e5 Nd7 15.
Bxe7 Qxe7 16. f4 f6 17. exf6 Rxf6 18. Rf3 Raf8 19. Nf2 Qd6 20. Nh3 e5 21. fxe5
Ndxe5 22. Rxf6 Rxf6 23. Qg5 Rg6 24. Bxg6 Nxg6 25. Re8+ Nf8 26. Nf4 Qd7 27.
Qxd5+ Qxd5 28. Nxd5 Kf7 29. Re1 g5 30. Nc5 Bc8 31. Nb6 Bf5 32. Rf1 Kg6 33. Nxa6
Ne6 34. a3 Bxc2 35. Nxb4 Nxb4 36. axb4 Bd3 37. Re1 Nf4 38. Nd7 Bb5 39. Re3 Bxd7
40. Re7 Bb5 41. Rb7 {cas} 1-0

[Event "SR 5. liga SE-SI 2015/2016"]
[Site "?"]
[Date "2015.11.28"]
[Round "3.5"]
[White "Buran, Andrej ml"]
[Black "Huska, Branislav"]
[Result "0-1"]
[WhiteElo "1582"]
[BlackElo "1777"]
[PlyCount "68"]
[EventDate "2015.??.??"]

1. e4 c5 2. Nf3 d6 3. d4 cxd4 4. Nxd4 Nf6 5. Bd3 Nc6 6. c3 g6 7. O-O Bg7 8. Bg5
Qb6 9. Nb3 O-O 10. N1d2 a5 11. Be3 Qc7 12. a4 Ng4 13. Bg5 Be6 14. Bc4 Nge5 15.
Bd5 h6 16. Bh4 Nd3 17. Nc4 Bxd5 18. exd5 Nce5 19. Nxe5 Nxe5 20. Nd2 Rfe8 21.
Qc2 e6 22. dxe6 Rxe6 23. Rfe1 Rae8 24. Bg3 Nc4 25. Rxe6 Rxe6 26. Nf3 Qe7 27. b3
Re2 28. Qd3 Nb2 29. Bxd6 Nxd3 30. Bxe7 Rxe7 31. Rd1 Nc5 32. Rd5 Nxb3 33. Rb5
Nc1 34. Rxa5 Bxc3 0-1

[Event "SR 5. liga SE-SI 2015/2016"]
[Site "?"]
[Date "2015.11.28"]
[Round "3.5"]
[White "Macalka, Ondrej"]
[Black "Drozd, Jan"]
[Result "0-1"]
[WhiteElo "1627"]
[BlackElo "1538"]
[PlyCount "106"]
[EventDate "2015.??.??"]

1. e4 c5 2. Nf3 Nc6 3. c3 d5 4. exd5 Qxd5 5. Be2 Nf6 6. O-O e6 7. d4 cxd4 8.
Nxd4 Nxd4 9. cxd4 Be7 10. Nc3 Qd8 11. Bf4 a6 12. Bf3 O-O 13. d5 exd5 14. Nxd5
Nxd5 15. Bxd5 Qb6 16. b3 Rd8 17. Qf3 Bf6 18. Rac1 Rd7 19. Rc2 Rxd5 20. Qxd5 Be6
21. Qd6 Qxd6 22. Bxd6 h6 23. Rc7 b5 24. Rfc1 a5 25. Rb7 a4 26. Rxb5 axb3 27.
axb3 Ra6 28. Bc5 Ra2 29. b4 Bc3 30. h3 Bd2 31. Rd1 Bc4 32. Rb8+ Kh7 33. Rd8 Bg5
34. R8d7 Rb2 35. h4 Bf6 36. R7d2 Rb3 37. g3 Be6 38. Rd3 Rb2 39. R1d2 Rb1+ 40.
Kg2 Bc4 41. Rd7 Bf1+ 42. Kh2 Bc4 43. Rd1 Rb3 44. Rc1 Be6 45. Rdd1 Rb2 46. Rb1
Rc2 47. Be3 Be5 48. b5 Rc4 49. b6 Rxh4+ 50. Kg2 Bh3+ 51. Kg1 Rh5 52. b7 Bg4 53.
Rdc1 Bf3 0-1

[Event "SR 5. liga SE-SI 2015/2016"]
[Site "?"]
[Date "2015.11.28"]
[Round "3.5"]
[White "Hrdlicka, Martin"]
[Black "Cibula, Marian"]
[Result "0-1"]
[WhiteElo "1367"]
[BlackElo "1107"]
[PlyCount "84"]
[EventDate "2015.??.??"]

1. e4 d5 2. exd5 Qxd5 3. Nc3 Qa5 4. d4 c6 5. Nf3 Bf5 6. Bd3 e6 7. Qe2 Bd6 8. d5
Bxd3 9. Qxd3 cxd5 10. Bd2 Nf6 11. O-O a6 12. Rfe1 Nc6 13. Ne2 Qc5 14. Be3 Qc4
15. Qd2 Bb4 16. c3 Bc5 17. Bxc5 Qxc5 18. Ng3 O-O 19. Rad1 Rad8 20. Ne5 Ne4 21.
Nxe4 dxe4 22. Qf4 Rxd1 23. Rxd1 Qxe5 24. Qe3 Rd8 25. Re1 Rd3 26. Qe2 Qd5 27. h3
Rd2 28. Qe3 Rd1 29. Kh2 Qe5+ 30. g3 Rxe1 31. Qxe1 Qd5 32. Qe3 Ne5 33. Kg2 Qd3
34. Qc5 Qf3+ 35. Kg1 f6 36. Qc8+ Kf7 37. Qc7+ Kg6 38. h4 e3 39. fxe3 Qxe3+ 40.
Kh2 Qf2+ 41. Kh3 Qf1+ 42. Kh2 Nf3# 0-1

[Event "SR 5. liga SE-SI 2015/2016"]
[Site "?"]
[Date "2015.11.28"]
[Round "3.5"]
[White "Datko, Jan"]
[Black "Kaufman, Robert"]
[Result "0-1"]
[WhiteElo "1000"]
[BlackElo "1256"]
[PlyCount "66"]
[EventDate "2015.??.??"]

1. e4 e5 2. Bc4 Nf6 3. d3 Bc5 4. Bg5 O-O 5. Nf3 d6 6. Nc3 Be6 7. O-O Nbd7 8. a3
a5 9. Nd5 Bxd5 10. Bxd5 c6 11. Bc4 Qb6 12. Bh4 Rfe8 13. Ng5 d5 14. exd5 cxd5
15. Bxd5 Nxd5 16. Qh5 Qg6 17. Qf3 N7f6 18. c4 e4 19. dxe4 h6 20. e5 Rxe5 21.
cxd5 hxg5 22. Bg3 Rxd5 23. Rad1 g4 24. Qb3 Rxd1 25. Rxd1 b6 26. Qc4 Rc8 27. b4
Bxf2+ 28. Bxf2 Rxc4 29. g3 axb4 30. axb4 Rxb4 31. Kg2 Qe4+ 32. Kf1 Rb2 33. Re1
Qh1+ 0-1

[Event "SR 5. liga SE-SI 2015/2016"]
[Site "?"]
[Date "2015.11.28"]
[Round "3.5"]
[White "Nater, Nikolas"]
[Black "Skrabakova, Monika"]
[Result "1-0"]
[WhiteElo "1092"]
[BlackElo "1000"]
[PlyCount "29"]
[EventDate "2015.??.??"]

1. e4 e5 2. Nf3 Nf6 3. Nc3 Bd6 4. Bc4 O-O 5. Ng5 Qe7 6. d3 Bc5 7. O-O d6 8. Nd5
Bg4 9. Nxe7+ Kh8 10. Qe1 h6 11. Bxf7 hxg5 12. Ng6+ Kh7 13. Nxf8+ Kh6 14. Bxg5+
Kxg5 15. Qd2+ 1-0

[Event "SR 5. liga SE-SI 2015/2016"]
[Site "?"]
[Date "2015.12.19"]
[Round "4.1"]
[White "Brunovsky, Peter"]
[Black "Huska, Branislav"]
[Result "1/2-1/2"]
[WhiteElo "1839"]
[BlackElo "1802"]
[PlyCount "64"]
[EventDate "2015.??.??"]

1. c4 e5 2. e4 Nc6 3. g3 Bc5 4. Bg2 Nge7 5. Ne2 O-O 6. O-O d6 7. h3 Be6 8. d3
f5 9. Nbc3 Qe8 10. Kh2 Qh5 11. f3 g5 12. exf5 Nxf5 13. g4 Qg6 14. gxf5 Bxf5 15.
Ne4 h6 16. N2g3 Be6 17. Nxc5 dxc5 18. Ne4 b6 19. Be3 Rad8 20. Qe2 Rd7 21. Rfd1
Rfd8 22. a3 a5 23. b3 Ra8 24. Rab1 Rad8 25. Bf1 Ne7 26. Qg2 Nf5 27. Bf2 Kg7 28.
Be2 Rf8 29. Qg1 Qh5 30. Qg2 Kh7 31. Re1 Qf7 32. Qg1 Ne7 1/2-1/2

[Event "SR 5. liga SE-SI 2015/2016"]
[Site "?"]
[Date "2015.12.19"]
[Round "4.1"]
[White "Macalka, Ondrej"]
[Black "Hyza, Richard"]
[Result "1-0"]
[WhiteElo "1602"]
[BlackElo "1000"]
[PlyCount "67"]
[EventDate "2015.??.??"]

1. e4 e5 2. Nf3 Nc6 3. Bc4 Bc5 4. c3 Nf6 5. d4 exd4 6. cxd4 Bb6 7. Bg5 h6 8.
Bh4 d6 9. h3 Be6 10. d5 Bd7 11. dxc6 Bxc6 12. Nbd2 Qe7 13. Bxf6 Qxf6 14. O-O
O-O 15. Qc2 Rad8 16. Bd3 g6 17. b4 a6 18. a4 Bd7 19. Nc4 Ba7 20. Na5 Rb8 21.
Qxc7 Bc6 22. Nxc6 bxc6 23. Qxa7 Ra8 24. Qe3 Kg7 25. Qd4 Qxd4 26. Nxd4 c5 27.
bxc5 dxc5 28. Nb3 Rac8 29. Bxa6 Rc7 30. Rac1 Re7 31. Nxc5 Kg8 32. Bb7 Rd8 33.
Bd5 Kg7 34. a5 1-0

[Event "SR 5. liga SE-SI 2015/2016"]
[Site "?"]
[Date "2015.12.19"]
[Round "4.1"]
[White "Horinka, Tomas"]
[Black "Petras, Michal"]
[Result "0-1"]
[WhiteElo "1000"]
[BlackElo "1246"]
[PlyCount "102"]
[EventDate "2015.??.??"]

1. e4 d5 2. d3 dxe4 3. dxe4 Qxd1+ 4. Kxd1 Nc6 5. Nc3 Bg4+ 6. Be2 O-O-O+ 7. Ke1
Bxe2 8. Ngxe2 Nf6 9. Bf4 e5 10. Bg5 Bb4 11. Kf1 Bxc3 12. Nxc3 Rd6 13. h3 h6 14.
Be3 a6 15. Kg1 Rhd8 16. Kh2 b5 17. Rhf1 Nd4 18. Bxd4 Rxd4 19. Rad1 Rxd1 20.
Rxd1 Rxd1 21. Nxd1 Nxe4 22. Nc3 Nxc3 23. bxc3 Kd7 24. Kg3 Kd6 25. Kf3 Kd5 26.
Ke3 Kc4 27. Kd2 f5 28. g3 e4 29. h4 g6 30. a3 c5 31. h5 gxh5 32. Ke3 Kxc3 33.
Kf4 Kxc2 34. Kxf5 c4 35. Kxe4 Kb2 36. f4 c3 37. f5 c2 38. f6 c1=Q 39. f7 Qc5
40. Kf4 Qe7 41. g4 Qxf7+ 42. Kg3 hxg4 43. Kxg4 Kc3 44. a4 bxa4 45. Kg3 Kd3 46.
Kg4 Ke4 47. Kg3 Qf4+ 48. Kg2 Qf3+ 49. Kg1 Qe2 50. Kh1 Kf3 51. Kg1 Qg2# 0-1

[Event "SR 5. liga SE-SI 2015/2016"]
[Site "?"]
[Date "2015.12.19"]
[Round "4.1"]
[White "Cibula, Marian"]
[Black "Volek, Vladimir"]
[Result "1-0"]
[WhiteElo "1107"]
[BlackElo "1000"]
[PlyCount "63"]
[EventDate "2015.??.??"]

1. e4 e5 2. Bc4 Nf6 3. Nc3 Nc6 4. Nf3 Bc5 5. O-O O-O 6. d3 d6 7. Qe2 Be6 8.
Bxe6 fxe6 9. Ng5 Qd7 10. Nf3 Ng4 11. h3 Bxf2+ 12. Rxf2 Nxf2 13. Qxf2 Nd4 14.
Be3 Nc6 15. Rf1 Rae8 16. Qg3 h6 17. Bxh6 Re7 18. Bg5 Ree8 19. h4 Rf7 20. h5 Nd4
21. h6 b5 22. Qh3 Qc6 23. h7+ Kh8 24. Nxd4 exd4 25. Rxf7 Qa8 26. Nxb5 Rf8 27.
Nxc7 Qc8 28. Rxf8+ Qxf8 29. Nxe6 Qe8 30. Nxg7 Kxg7 31. Qh6+ Kh8 32. Bf6# 1-0

[Event "SR 5. liga SE-SI 2015/2016"]
[Site "?"]
[Date "2015.12.19"]
[Round "4.1"]
[White "Daniel, Jakub"]
[Black "Datko, Jan"]
[Result "1/2-1/2"]
[WhiteElo "1000"]
[BlackElo "1000"]
[PlyCount "51"]
[EventDate "2015.??.??"]

1. e4 d6 2. Nf3 Nf6 3. Nc3 e5 4. Bc4 Nc6 5. Ng5 Be6 6. Nxe6 fxe6 7. O-O d5 8.
Bb3 d4 9. Nb5 Nxe4 10. d3 Nc5 11. Bc4 Qd7 12. Bd2 O-O-O 13. b4 Na4 14. Qg4 Nxb4
15. Bxe6 Nxc2 16. Nxa7+ Kb8 17. Bxd7 Kxa7 18. Bxa4 Nxa1 19. Rxa1 Ba3 20. Rb1
Rd6 21. Qd1 c6 22. Qb3 b5 23. Qxa3 Kb7 24. Bxb5 Kc7 25. Bxc6 Rxc6 26. h3
1/2-1/2

[Event "SR 5. liga SE-SI 2015/2016"]
[Site "?"]
[Date "2015.12.19"]
[Round "4.2"]
[White "Hrubos, Milan"]
[Black "Diviak, Rastislav"]
[Result "0-1"]
[WhiteElo "1766"]
[BlackElo "1942"]
[PlyCount "54"]
[EventDate "2015.??.??"]

1. e4 c5 2. Nf3 a6 3. d4 cxd4 4. Nxd4 Nf6 5. Nc3 e5 6. Nf3 Bb4 7. Bd3 d5 8. Qe2
d4 9. a3 Qa5 10. Rb1 Bxc3+ 11. bxc3 dxc3 12. O-O O-O 13. Rb3 Bg4 14. Bg5 Nbd7
15. Bxf6 Nxf6 16. h3 Bxf3 17. Qxf3 b5 18. Qf5 Qc7 19. f4 Nd7 20. Be2 exf4 21.
Rxf4 Ne5 22. Rb4 Rad8 23. Rf1 Rd2 24. Bd1 Rfd8 25. Rb1 Nc4 26. Qf3 Nxa3 27. Rc1
b4 0-1

[Event "SR 5. liga SE-SI 2015/2016"]
[Site "?"]
[Date "2015.12.19"]
[Round "4.2"]
[White "Drozd, Jan"]
[Black "Kovarik, Oto"]
[Result "1/2-1/2"]
[WhiteElo "1554"]
[BlackElo "1820"]
[PlyCount "63"]
[EventDate "2015.??.??"]

1. e4 c5 2. Nc3 e6 3. g3 Nc6 4. Bg2 Nf6 5. d3 Be7 6. f4 d6 7. Nf3 O-O 8. O-O a6
9. Be3 Qc7 10. a3 Rb8 11. e5 Ng4 12. exd6 Bxd6 13. Bd2 b5 14. Ne4 Be7 15. Nfg5
Nf6 16. Rb1 Bb7 17. Bc3 Nd4 18. Bxd4 cxd4 19. Nxf6+ Bxf6 20. Bxb7 Rxb7 21. Ne4
Be7 22. Rc1 b4 23. a4 Qc6 24. b3 Rc7 25. Nd2 e5 26. fxe5 Bg5 27. Nc4 Bxc1 28.
Qxc1 Qe6 29. Qf4 Rd7 30. Nd6 Qd5 31. Qf5 Re7 32. Nc4 1/2-1/2

[Event "SR 5. liga SE-SI 2015/2016"]
[Site "?"]
[Date "2015.12.19"]
[Round "4.2"]
[White "Vach, Jozef"]
[Black "Hrdlicka, Martin"]
[Result "1-0"]
[WhiteElo "1697"]
[BlackElo "1373"]
[PlyCount "51"]
[EventDate "2015.??.??"]

1. d4 d5 2. Nf3 Nc6 3. b3 Bf5 4. Bb2 Nf6 5. Nh4 Bd7 6. Nd2 e6 7. e3 Bd6 8. f4
Bb4 9. c3 Ba5 10. Nhf3 Qe7 11. Ne5 Nxe5 12. fxe5 Ne4 13. Nxe4 dxe4 14. Qg4 O-O
15. Qxe4 Bc6 16. Qg4 Rad8 17. Bd3 Bd7 18. O-O f6 19. exf6 Rxf6 20. Qh5 Rh6 21.
Qxa5 Qh4 22. Qe5 c5 23. Rf3 Bc6 24. Rh3 Qg4 25. Rg3 Qh4 26. Qxg7# 1-0

[Event "SR 5. liga SE-SI 2015/2016"]
[Site "?"]
[Date "2015.12.19"]
[Round "4.2"]
[White "Kaufman, Robert"]
[Black "Cambal, Peter"]
[Result "0-1"]
[WhiteElo "1256"]
[BlackElo "1136"]
[PlyCount "100"]
[EventDate "2015.??.??"]

1. e4 c5 2. Nf3 d6 3. d4 cxd4 4. Nxd4 Nf6 5. Nc3 g6 6. Be2 Bg7 7. O-O O-O 8. f4
Bd7 9. Qd3 Qa5 10. Bd2 Qb6 11. Rab1 e5 12. fxe5 dxe5 13. Rxf6 Bxf6 14. Nd5
Qxd4+ 15. Qxd4 exd4 16. Nxf6+ Kg7 17. Nd5 Nc6 18. c3 f5 19. cxd4 fxe4 20. Bc3
Rf7 21. Nc7 Rc8 22. d5+ Kg8 23. dxc6 Bxc6 24. Nb5 Bxb5 25. Bxb5 Re7 26. Ba4 h5
27. Rf1 g5 28. Bb3+ Kh7 29. Rf5 Kg6 30. Rf6+ Kh7 31. Bf7 Rxc3 32. bxc3 Kg7 33.
Re6 Kxf7 34. Rxe7+ Kxe7 35. Kf2 Ke6 36. Ke3 Ke5 37. c4 b6 38. a4 a6 39. g3 g4
40. a5 bxa5 41. c5 a4 42. c6 Kd6 43. Kxe4 a3 44. Kf5 a2 45. c7 Kxc7 46. Kg6
a1=Q 47. Kxh5 Qg7 48. Kh4 Kd6 49. h3 gxh3 50. Kxh3 a5 0-1

[Event "SR 5. liga SE-SI 2015/2016"]
[Site "?"]
[Date "2015.12.19"]
[Round "4.2"]
[White "Sladek, Michal"]
[Black "Nater, Nikolas"]
[Result "1-0"]
[WhiteElo "1275"]
[BlackElo "1092"]
[PlyCount "93"]
[EventDate "2015.??.??"]

1. e4 e5 2. Nf3 Nc6 3. Bb5 Bc5 4. d3 Nf6 5. Bg5 O-O 6. a3 d6 7. Bxc6 bxc6 8.
O-O Bg4 9. Nbd2 Qd7 10. Bxf6 gxf6 11. Qe1 Kh8 12. Kh1 Bh3 13. Rg1 Rg8 14. gxh3
Qxh3 15. Rg3 Rxg3 16. fxg3 Rg8 17. b4 Be3 18. Qxe3 Rxg3 19. Qf2 Rg4 20. Rg1 Rg6
21. Rg3 Rxg3 22. Qxg3 Qxg3 23. hxg3 d5 24. Kh2 dxe4 25. Nxe4 f5 26. Neg5 Kg7
27. Nxe5 f6 28. Ngf3 fxe5 29. Nxe5 a6 30. Nxc6 Kf6 31. Nb8 Kg5 32. Nxa6 h5 33.
Nxc7 h4 34. Ne6+ Kg4 35. gxh4 Kxh4 36. b5 Kg4 37. b6 f4 38. Nxf4 Kxf4 39. b7
Ke3 40. b8=Q Kd2 41. Qb3 Kd1 42. c4+ Kd2 43. d4 Kc1 44. Qa2 Kd1 45. Kg3 Ke1 46.
Kf3 Kd1 47. Ke3 1-0

[Event "SR 5. liga SE-SI 2015/2016"]
[Site "?"]
[Date "2015.12.19"]
[Round "4.3"]
[White "Cerovsky, Marian"]
[Black "Ulehla, Jakub"]
[Result "1-0"]
[WhiteElo "1802"]
[BlackElo "1666"]
[PlyCount "103"]
[EventDate "2015.??.??"]

1. e4 e5 2. Nf3 Nc6 3. Bb5 a6 4. Ba4 Nf6 5. d3 d6 6. h3 Be7 7. a3 O-O 8. O-O b5
9. Bb3 Be6 10. Bxe6 fxe6 11. Nc3 d5 12. Nh2 Qe8 13. Ng4 Rd8 14. Nxf6+ Bxf6 15.
Bd2 Qf7 16. Qg4 Be7 17. Bg5 Bxg5 18. Qxg5 Qd7 19. Rac1 Rf6 20. Ne2 Rdf8 21. Ng3
Qf7 22. Qd2 Nd4 23. Qe3 Nc6 24. c4 bxc4 25. dxc4 d4 26. Qd2 d3 27. Rc3 Nd4 28.
Rxd3 Rg6 29. Qd1 Qf4 30. Re3 h5 31. Qxh5 Rff6 32. Kh1 c5 33. Ne2 Nxe2 34. Qxe2
Qg5 35. Rg3 Qh6 36. Rxg6 Qxg6 37. Rd1 Qf7 38. Rd8+ Kh7 39. Kg1 Rf4 40. Rc8 Qg6
41. f3 Rh4 42. Kh2 Qf6 43. Rxc5 Rh5 44. Qe3 Qe7 45. b4 Qd6 46. Qe2 Rg5 47. g3
Rg6 48. Ra5 Rf6 49. c5 Qf8 50. Kg2 Qd8 51. Rxa6 Rf7 52. Rd6 1-0

[Event "SR 5. liga SE-SI 2015/2016"]
[Site "?"]
[Date "2015.12.19"]
[Round "4.3"]
[White "Trojkova, Michaela"]
[Black "Damborsky, Pavol"]
[Result "1-0"]
[WhiteElo "1535"]
[BlackElo "1700"]
[PlyCount "133"]
[EventDate "2015.??.??"]

1. f4 e6 2. Nf3 Bd6 3. e3 Nf6 4. Be2 h6 5. b3 b6 6. Bb2 Be7 7. h3 Bb7 8. d3 Nc6
9. Nbd2 d5 10. O-O O-O 11. Re1 Bd6 12. Nf1 Qe7 13. g4 Nh7 14. Ng3 g6 15. h4 e5
16. fxe5 Nxe5 17. Bxe5 Bxe5 18. Nxe5 Qxe5 19. Nf1 f5 20. Qd2 c5 21. Bf3 fxg4
22. Bxg4 Rf6 23. d4 Qe4 24. Qg2 Re8 25. c3 h5 26. Bd7 Re7 27. Qh3 Nf8 28. Ng3
Qc2 29. Bb5 Qf2+ 30. Kh1 Qd2 31. Rf1 Rxf1+ 32. Rxf1 Qxe3 33. Qg2 Rg7 34. Rg1
Qf4 35. Qh3 cxd4 36. cxd4 Qxd4 37. Be8 Qb2 38. Rf1 d4+ 39. Kg1 d3 40. Bb5 Qd4+
41. Rf2 d2 42. Bc4+ Kh7 43. Be2 d1=Q+ 44. Bxd1 Qxd1+ 45. Kh2 Qd6 46. Qf1 Kg8
47. Rf6 Qd2+ 48. Rf2 Qb4 49. Rf4 Qe7 50. Qc4+ Kh7 51. Qf1 Ne6 52. Rf6 Nd4 53.
Qf2 Qe5 54. Kg1 Rc7 55. Rf7+ Rxf7 56. Qxf7+ Qg7 57. Qf2 Nf3+ 58. Kf1 Qa1+ 59.
Kg2 Nxh4+ 60. Kh3 Qd4 61. Qf7+ Kh6 62. Qf8+ Kg5 63. Qe7+ Qf6 64. Qe3+ Qf4 65.
Qe7+ Qf6 66. Qxb7 Qe6+ 67. Kh2 {cierny prekrocil cas} 1-0

[Event "SR 5. liga SE-SI 2015/2016"]
[Site "?"]
[Date "2015.12.19"]
[Round "4.3"]
[White "Dubecky, Ladislav"]
[Black "Petrek, David"]
[Result "0-1"]
[WhiteElo "1657"]
[BlackElo "1243"]
[PlyCount "58"]
[EventDate "2015.??.??"]

1. e4 e5 2. f4 exf4 3. Nf3 h6 4. Bc4 Nc6 5. O-O g5 6. d4 Bg7 7. e5 d6 8. exd6
Qxd6 9. c3 Bg4 10. Qb3 Nd8 11. Na3 Ne7 12. Bxf7+ Nxf7 13. Qxb7 Qc6 14. Qb3 O-O
15. Nc2 Qb6 16. Qa3 Nf5 17. Kh1 Rae8 18. Bd2 Re2 19. Rad1 Bxf3 20. Rxf3 Nh4 21.
Ne1 Nxf3 22. Nxf3 Rfe8 23. h3 Nd6 24. b3 Qb7 25. c4 Ne4 26. Kh2 Nxd2 27. Rxd2
Rxd2 28. Nxd2 Re2 29. Nf3 Qxf3 0-1

[Event "SR 5. liga SE-SI 2015/2016"]
[Site "?"]
[Date "2015.12.19"]
[Round "4.3"]
[White "Petrek, Miroslav"]
[Black "Pisecky, Jan"]
[Result "0-1"]
[WhiteElo "1000"]
[BlackElo "1478"]
[PlyCount "106"]
[EventDate "2015.??.??"]

1. e4 c5 2. Nf3 Nc6 3. g3 e5 4. Bg2 Nf6 5. d3 d6 6. O-O Bg4 7. Nbd2 Be7 8. c3
b5 9. Re1 h6 10. a4 b4 11. Nb3 a5 12. d4 c4 13. dxe5 Nxe5 14. Nbd4 Nd3 15. Re3
O-O 16. Bf1 Ne5 17. Bd2 b3 18. Be2 Qc7 19. Nb5 Qb7 20. Nxe5 Bxe2 21. Qxe2 dxe5
22. Qxc4 Nd7 23. Qxb3 Nc5 24. Qc2 Bg5 25. Re2 Bxd2 26. Qxd2 Nb3 27. Qd1 Nxa1
28. Qxa1 Rfd8 29. b4 Rd3 30. Qc1 Rad8 31. Qc2 Qd7 32. bxa5 Qh3 33. Nd4 Rxc3 34.
Qxc3 Rxd4 35. a6 Rxa4 36. Re1 Qe6 37. Ra1 Qxa6 38. Rxa4 Qxa4 39. Qxe5 Qd1+ 40.
Kg2 Qb3 41. Qe8+ Kh7 42. h4 h5 43. Kh3 g6 44. e5 Qd5 45. Kh2 Qf3 46. Qe7 Qxf2+
47. Kh1 Kg7 48. Qe8 Qxg3 49. e6 Qe1+ 50. Kh2 Qxh4+ 51. Kg1 Qe1+ 52. Kg2 Qxe6
53. Qxe6 fxe6 0-1

[Event "SR 5. liga SE-SI 2015/2016"]
[Site "?"]
[Date "2015.12.19"]
[Round "4.3"]
[White "Blanarik, Dominik"]
[Black "Oslej, Marek"]
[Result "1-0"]
[WhiteElo "1524"]
[BlackElo "1092"]
[PlyCount "87"]
[EventDate "2015.??.??"]

1. e4 e5 2. Nf3 Nc6 3. Nc3 Nf6 4. Bc4 Bc5 5. O-O d6 6. d3 O-O 7. Bg5 h6 8. Bxf6
Qxf6 9. Nd5 Qd8 10. a3 Be6 11. c3 a6 12. b4 Ba7 13. Qb3 b5 14. Nxc7 Qxc7 15.
Bxe6 fxe6 16. Qxe6+ Rf7 17. Ra2 Qe7 18. Qd5 Rc8 19. g3 Qf6 20. Nh4 Nd8 21. Nf5
Nb7 22. Rc2 Rd8 23. c4 bxc4 24. Rxc4 Rdf8 25. Rc7 Rb8 26. Rxf7 Qxf7 27. Qc6 Qf6
28. Qxa6 Bd4 29. Qc4+ Kh7 30. Qc7 Qf8 31. Nxg7 Qxg7 32. Qxb8 Bb2 33. a4 Ba3 34.
b5 Nc5 35. Qxd6 Qg4 36. a5 Qf3 37. a6 Nxa6 38. Qxa3 Nb8 39. Qa7+ Kg6 40. Qxb8
Qxd3 41. Qxe5 Kh7 42. Rc1 Qa3 43. Rc7+ Kg6 44. Qf5# 1-0

[Event "SR 5. liga SE-SI 2015/2016"]
[Site "?"]
[Date "2015.12.19"]
[Round "4.5"]
[White "Wallner, Juraj"]
[Black "Zlamal, Marek"]
[Result "0-1"]
[WhiteElo "1535"]
[BlackElo "1738"]
[PlyCount "36"]
[EventDate "2015.??.??"]

1. e4 c5 2. Nf3 Nc6 3. d4 cxd4 4. Nxd4 e5 5. Nxc6 bxc6 6. Be2 d5 7. exd5 cxd5
8. O-O Nf6 9. Re1 e4 10. Bg5 Be7 11. Nc3 a6 12. Bxf6 Bxf6 13. Qxd5 Be6 14. Qxe4
O-O 15. Rad1 Qb6 16. Na4 Qa5 17. b3 Bf5 18. Rd5 Qxe1+ 0-1

[Event "SR 5. liga SE-SI 2015/2016"]
[Site "?"]
[Date "2015.12.19"]
[Round "4.5"]
[White "Daniel, Dusan"]
[Black "Tomasovic, Roman"]
[Result "1-0"]
[WhiteElo "1003"]
[BlackElo "1548"]
[PlyCount "77"]
[EventDate "2015.??.??"]

1. e4 e5 2. Nf3 Nc6 3. Bc4 Bc5 4. O-O Nf6 5. d3 h6 6. Nc3 O-O 7. Re1 a6 8. b3
d6 9. h3 Ne7 10. a4 c6 11. d4 exd4 12. Nxd4 Bb4 13. Bd2 d5 14. e5 Nd7 15. Bd3
Nc5 16. Nce2 Nxd3 17. cxd3 Bc5 18. Nf3 Ng6 19. Nf4 Nxf4 20. Bxf4 Be6 21. Qc1
Qb6 22. d4 Bxd4 23. Ra2 Bc5 24. Bxh6 Be7 25. Bg5 Bxg5 26. Nxg5 Rfe8 27. Qf4 Kf8
28. Nxf7 Ke7 29. Nd6 Rg8 30. Qh4+ Kd7 31. Re3 Kc7 32. Qe7+ Bd7 33. e6 Rgd8 34.
Rf3 Qc5 35. Ne8+ Kb6 36. a5+ Kb5 37. Nc7+ Kb4 38. Rf4+ d4 39. Ra4+ 1-0

[Event "SR 5. liga SE-SI 2015/2016"]
[Site "?"]
[Date "2015.12.19"]
[Round "4.5"]
[White "Tomasovic, Pavol"]
[Black "Svrcek, Daniel"]
[Result "1/2-1/2"]
[WhiteElo "1319"]
[BlackElo "1146"]
[PlyCount "146"]
[EventDate "2015.??.??"]

1. e4 e6 2. d4 d5 3. e5 c5 4. c3 Nc6 5. Nf3 Bd7 6. Be2 Qb6 7. O-O Nge7 8. dxc5
Qxc5 9. Be3 Qa5 10. b4 Qc7 11. Nbd2 Nxe5 12. Nxe5 Qxe5 13. Bd4 Qc7 14. Rc1 Nc6
15. Nf3 Nxd4 16. cxd4 Bc6 17. b5 Bd6 18. bxc6 bxc6 19. Bb5 O-O 20. Bxc6 Rac8
21. Ba4 Qxc1 22. Qxc1 Rxc1 23. Rxc1 g6 24. g3 Rd8 25. h4 a6 26. Kg2 Kg7 27. Rc6
a5 28. Ra6 Bc7 29. Ne5 Rd6 30. Ra7 Bb8 31. Rxf7+ Kg8 32. Rd7 Rxd7 33. Nxd7 Kg7
34. Kf3 Bc7 35. Nc5 Kf7 36. Bd7 e5 37. Be6+ Ke7 38. Bxd5 exd4 39. Nb3 Kd6 40.
Be4 Bb6 41. Ke2 a4 42. Nd2 Kc5 43. Kd3 Kb4 44. Bd5 Kc5 45. Bg8 h6 46. Nf3 Bd8
47. Nxd4 Kd6 48. Bf7 g5 49. hxg5 Bxg5 50. f4 Bf6 51. Nf5+ Kd7 52. Nxh6 Ke7 53.
Bd5 Kf8 54. Ke4 Kg7 55. Nf5+ Kg6 56. Ne3 Kg7 57. g4 Kg6 58. Be6 Be7 59. f5+ Kg5
60. Ke5 Bf6+ 61. Ke4 Be7 62. Kf3 Bf6 63. Nd5 Be5 64. f6 Bxf6 65. Nxf6 Kxf6 66.
Bf5 Kg5 67. Be4 a3 68. Bd3 Kf6 69. Kf4 Kg7 70. Kf5 Kf7 71. g5 Kg8 72. Kf6 Kf8
73. g6 Kg8 1/2-1/2

[Event "SR 5. liga SE-SI 2015/2016"]
[Site "?"]
[Date "2015.12.19"]
[Round "4.5"]
[White "Sefcik, Oliver"]
[Black "Sobekova, Adela"]
[Result "0-1"]
[WhiteElo "1000"]
[BlackElo "1146"]
[PlyCount "54"]
[EventDate "2015.??.??"]

1. e4 e5 2. Nf3 Nc6 3. Bc4 Nf6 4. Nc3 Nxe4 5. Nxe4 d5 6. Bd3 dxe4 7. Bxe4 Bc5
8. d3 f5 9. Bxc6+ bxc6 10. O-O Bd6 11. Re1 O-O 12. Nxe5 Qh4 13. Nf3 Qh5 14. Bd2
Bb7 15. h3 Rf6 16. Nh2 Bxh2+ 17. Kxh2 Qg6 18. Qf3 Rb8 19. Bf4 c5 20. Qg3 Qh5
21. Rg1 Qe2 22. Rac1 Rg6 23. Qe3 Qh5 24. Bg3 Rh6 25. Rce1 Bxg2 26. Rxg2 Qxh3+
27. Kg1 Qh1# 0-1